• 首页
  • 本馆介绍
  • 公告通知
  • 最新文献
  • 馆藏检索
  • 电子资源
  • 读者导购
  • 参考咨询
  • 我的图书馆
  • 登录
  • 详细信息显示
  • 放入我的书架
  • 预约/预借图书
  • 作者相关作品
  • 分类相关作品
  • 丛书相关作品
  • 出版社相关作品

书目信息

  • 表格格式
  • 工作单格式
  • 卡片格式
题名:
植物组织培养
    
 
作者: 曹春英 主编
分册:  
出版信息: 北京   中国农业出版社  2006
页数: 265页
开本: 23cm
丛书名:
单 册:
中图分类: Q943.1
科图分类:
主题词: 植物组织--组织培养--高等教育--教材
电子资源:
ISBN: 7-109-10638-1
000 00861n|m0 2200253 450-
001 0102661085
005 20121116170000.0
010    @a7-109-10638-1@dCNY25.00
011    @a7-109-10638-1
100    @a20060915d2006 em y0chiy0120 ea
101 0  @achi
102    @aCN@b110000
105    @aa z 000yy
135    @adrbn ---auuuu
200 1  @a植物组织培养@9Zhi Wu Zu Zhi Pei Yang @f曹春英主编@b电子资源.图书
210    @a北京@c中国农业出版社@d2006
215    @a265页@c图,照片@d23cm
325    @a电子复制品
330    @a本书包括花卉类、果蔬类、药用植物类、林木类生产快繁技术和生产管理与经营;植物生殖器官培养、细胞培养、原生质体培养和基因转化技术的知识等。
606 0  @a植物组织@x组织培养@x高等教育@j教材
690    @aQ943.1@v4
701  0 @a曹春英@f(1954~)@4主编@9cao chun ying
801  0 @aCN@bAZmarc@c20230904
905    @dQ943.1@e5@f5@sQ943.1/5@aBZT
    
    植物组织培养/曹春英主编[电子资源.图书].-北京:中国农业出版社,2006
    265页:图,照片;23cm
    
    
    ISBN 7-109-10638-1:CNY25.00
    本书包括花卉类、果蔬类、药用植物类、林木类生产快繁技术和生产管理与经营;植物生殖器官培养、细胞培养、原生质体培养和基因转化技术的知识等。
●
相关链接 在五车中查询图书 在当当中查询图书 在豆瓣中查询图书


正题名:植物组织培养     索取号:Q943.1/5         预约/预借

序号 登录号 条形码 馆藏地/架位号 状态 备注
1 2000007120   2000007120   旧书回溯/ [索取号:Q943.1/5] 在馆    
2 2000020871   2000020871   旧书回溯/ [索取号:Q943.1/5] 在馆    
3 2000060231   2000060231   旧书回溯/ [索取号:Q943.1/5] 在馆    
4 2000060232   2000060232   旧书回溯/ [索取号:Q943.1/5] 在馆    
5 2000060233   2000060233   旧书回溯/ [索取号:Q943.1/5] 在馆    
山东省滨州职业学院图书馆 欢迎您!
大连网信软件有限公司© 版权所有